000 00686cam a22002291 4500
001 sa 66003900
003 DLC
005 20260227112239.0
008 740207s1965 xx 000 0 eng
010 _asa 66003900
035 _a(OCoLC)792504
040 _aDLC
_cMWP
_dOCoLC
_dDLC
042 _apremarc
050 0 0 _aHG188.I6
_bJ6
100 1 _aJoshi, M. S.
_c(Writer on economics)
245 1 0 _aFinancial intermediaries in India.
260 _a[Bombay,
_bT. V. Chidambaran]
_c1965.
300 _axiii, 285p.
_c22cm.
410 2 0 _aUniversity of Bombay
_tSeries in monetary and international economics,
_vno. 8.
650 0 _aFinance
_zIndia.
650 0 _aInvestment banking
_zIndia.
999 _c69161
_d69161